|
|
|
|
| LEADER |
00684cam a2200205 a 4500 |
| 001 |
0000122622 |
| 005 |
20131128090000.0 |
| 008 |
840917s1985 cauaf b 101 0 eng |
| 040 |
|
|
|a mod
|
| 020 |
|
|
|a 0534038492
|
| 090 |
0 |
0 |
|a 551.46.19
|
| 100 |
1 |
|
|a Ingmanson
|h Dale E.
|
| 245 |
1 |
0 |
|a Oceanography
|b an introduction
|c Dale E. Ingmanson, William J. Wallace.
|
| 250 |
|
|
|a 3rd ed.
|
| 260 |
|
|
|a Belmont, Calif.
|b Wadsworth Pub. Co.
|c c1985.
|
| 300 |
|
|
|a ix, 530 p., [3] p. of plates
|b ill.
|c 27 cm.
|
| 504 |
|
|
|a Includes bibliographies and index
|
| 650 |
0 |
0 |
|a Oceanography.
|
| 700 |
1 |
|
|a Wallace
|h William J.
|
| 999 |
|
|
|a B000010816
|b TUDM KUANTAN
|d BOOKS
|e Umum
|f TUDM Kuantan
|j AVAILABLE
|q GOOD CONDITION
|